The magic school bus on the ocean floor / (Record no. 724)

MARC details
000 -LEADER
fixed length control field 01070nam a22003137a 4500
005 - DATE AND TIME OF LATEST TRANSACTION
control field 20231102132828.0
020 ## - INTERNATIONAL STANDARD BOOK NUMBER
International Standard Book Number 0590414305 :
020 ## - INTERNATIONAL STANDARD BOOK NUMBER
International Standard Book Number 9780590414319
040 ## - CATALOGING SOURCE
Original cataloging agency DLC
Transcribing agency DLC
Modifying agency DLC
Language of cataloging eng
050 00 - LIBRARY OF CONGRESS CALL NUMBER
Classification number QL122.2
Item number .C65 1992
082 00 - DEWEY DECIMAL CLASSIFICATION NUMBER
Classification number 591.92
Edition number 20
100 1# - MAIN ENTRY--PERSONAL NAME
Personal name Cole, Joanna.
245 14 - TITLE STATEMENT
Title The magic school bus on the ocean floor /
Statement of responsibility, etc. by Joanna Cole ; illustrated by Bruce Degen.
260 ## - PUBLICATION, DISTRIBUTION, ETC.
Place of publication, distribution, etc. New York :
Name of publisher, distributor, etc. Scholastic,
Date of publication, distribution, etc. 1992.
300 ## - PHYSICAL DESCRIPTION
Extent 48 pages :
Other physical details color illusrtrations ;
Dimensions 22 x 26 cm.
490 ## - SERIES STATEMENT
Series statement The magic school bus
505 ## - FORMATTED CONTENTS NOTE
Formatted contents note R <br/>
520 ## - SUMMARY, ETC.
Summary, etc. On another special field trip on the magic school bus, Ms. Frizzle's class learns about the ocean and the different creatures that live there.
521 ## - TARGET AUDIENCE NOTE
Target audience note 690 <br/>
Source Lexile <br/>
521 ## - TARGET AUDIENCE NOTE
Target audience note R <br/>
Source Raz-Plus <br/>
650 #0 - SUBJECT ADDED ENTRY--TOPICAL TERM
Topical term or geographic name entry element Marine animals
General subdivision Juvenile literature.
650 #0 - SUBJECT ADDED ENTRY--TOPICAL TERM
Topical term or geographic name entry element Ocean bottom
General subdivision Juvenile literature.
650 #1 - SUBJECT ADDED ENTRY--TOPICAL TERM
Topical term or geographic name entry element Ocean.
650 #1 - SUBJECT ADDED ENTRY--TOPICAL TERM
Topical term or geographic name entry element Marine animals.
700 1# - ADDED ENTRY--PERSONAL NAME
Personal name Degen, Bruce,
Relator term illustrator.
906 ## - LOCAL DATA ELEMENT F, LDF (RLIN)
a 7
b cbc
c orignew
d 1
e ocip
f 19
g y-gencatlg
942 ## - ADDED ENTRY ELEMENTS (KOHA)
Source of classification or shelving scheme Dewey Decimal Classification
Koha item type Books
Suppress in OPAC No
999 ## -
-- 724
-- 724
Holdings
Withdrawn status Lost status Source of classification or shelving scheme Damaged status Not for loan Collection Home library Current library Shelving location Date acquired Total Checkouts Full call number Barcode Date last seen Date last checked out Copy number Price effective from Koha item type
    Dewey Decimal Classification     Juvenile Fiction Footprints International School Library Network Toul Kork Campus Footprints International School Library Network Toul Kork Campus TK Primary Library Room(4th Floor), Bookcase 5&6, Shelves 33-56, Orange Books 07/03/2023 2 COL 591.92 QL122.C65 FISTK01933 06/07/2024 01/08/2024 1 07/03/2023 Books
    Dewey Decimal Classification     Juvenile Fiction Footprints International School Library Network Toul Kork Campus Footprints International School Library Network Toul Kork Campus TK Primary Library Room(4th Floor), Bookcase 5&6, Shelves 33-56, Orange Books 07/03/2023   COL 591.92 QL122.C65 FISBK05116 11/02/2023   2 07/03/2023 Books